Music Quiz

Random Music or Song Quiz
Score 0/8 Timer 03:00
0 Plays Today
% Correct
Getting caught in the rain
93.8%
Piña coladas
90.6%
Making love at midnight in the dunes of the cape
87.5%
Champagne
71.9%
Not into yoga
53.1%
Have half a brain
53.1%
Not much into health food
43.8%
The feel of the ocean
9.4%
Remove Ads.
Support Sporcle.
Get the best of Sporcle when you Go Orange. This ad-free experience offers more features, more stats, and more fun while also helping to support Sporcle. Thank you for becoming a member.

You're not logged in!

Compare scores with friends on all Sporcle quizzes.
OR
Log In

Show Comments

Extras

Created Dec 24, 2014ReportNominate
Tags:Song Quiz, escape, Lover, Shared

Top Quizzes Today


Score Distribution

Your Account Isn't Verified!

In order to create a playlist on Sporcle, you need to verify the email address you used during registration. Go to your Sporcle Settings to finish the process.

Report this User

Report this user for behavior that violates our Community Guidelines.

Details: